Responses for Show #9108 - Wednesday, May 22, 2024

Amar Kakirde game 1.

Contestants

[<< previous game]

Amar Kakirde, a graduate student from Lake Hiawatha, New Jersey

Ellen Klages, a writer from San Francisco, California

Chris D'Amico, a verifications specialist from Lakewood, Ohio (whose 1-day cash winnings total $25,100)

[next game >>]

Jeopardy! Round responses

PUERTO RICANS
THE DRAMA OF TELEVISION
IN THE WEEDS
ENDS IN "ITE"
ROCK ME
AMADEUS
    $200 6
San Juan

Ellen
    $200 28
Tony Soprano

Chris
    $200 27
a dandelion

Chris
    $200 29
a meteorite

Chris
    $200 30
(Ken: That is the disappointing [*].)

Plymouth Rock

Chris
    $200 25
God

Amar
    $400 5
the Korean War

Amar
    $400 8
Odenkirk

Chris
    $400 11
a shamrock (clover)

Chris
    $400 26
finite

Amar
    $400 17
the Blarney Stone

Chris
    $400 24
Eine kleine Nachtmusik (A Little Night Music)

Chris
    $600 2
Bad Bunny

Amar
    $600 7
Big Little Lies

Triple Stumper
    $600 15
(Ken: I didn't know it was a color.)

a tumbleweed

Chris
    $600 12
(Ellen: What is lead?)

graphite

ChrisEllen
    $600 1
the Rock of Gibraltar

Amar
    $600 20
The Magic Flute

Triple Stumper
    $800 3
mofongo

Amar
    $800 9
Empire

Triple Stumper
    $800 18
ragweed

Chris
    $800 13
(Ken: Workers of the world [*], right.)

unite

Chris
    $800 16
Causeway

Amar
    $800 21
Haydn

Chris
    $1000 4
surgeon general

Amar
    $1000 10
(Amar: Who are the Navy SEALs?)

SEAL Team

EllenAmar
    $1000 19
(Ellen: What are nettles?)

thistles

Ellen
Triple Stumper
    $1000 14
a Shiite

Amar
    $200 23
(Chris: This is why I bet $200.)
[Laughter]
(Ken: It's really paying off for you--no guess?)
(Chris: No.)

the Dome of the Rock

Chris
    $1000 22
a requiem

Chris

Scores at the first commercial break (after clue 15):

Chris Ellen Amar
$2,800 $600 $3,400

Scores at the end of the Jeopardy! Round:

Chris Ellen Amar
$6,800 -$400 $4,800

Double Jeopardy! Round responses

IT'S ALREADY IN THE FORM OF A QUESTION!
TREATIES
MEDICAL CROSSWORD CLUES
BEGINS WITH A SILENT LETTER
BOOKS FROM THE LAST FEW YEARS
FICTIONAL MOVIE SPORTS TEAMS
    $400 30
Where in the World Is Carmen Sandiego?

Amar
    $400 17
[Ellen provided both responses.]

"Il Duce" (Mussolini)

Ellen
    $400 1
intravenous

Chris
    $400 12
knockout

Chris
    $400 14
(Ellen: What was the tsunami?)

Katrina

EllenAmar
    $400 26
A League of Their Own

Chris
    $800 21
(Chris: What is [*]?)

Who's Afraid of Virginia Woolf?

Chris
    $800 7
Richard Lionheart

Amar
    $800 28
(Ellen: What is measles?)

chickenpox

EllenAmar
    $800 27
czar

Chris
    $800 18
Rodham

Chris
    $800 25
(Chris: What is Bad News Bears?)

roller derby

Chris
Triple Stumper
    $1200 13
(Ellen: Who was this masked--[*]?)

Who was that masked man?

Ellen
    $4,000 3
Monaco

Amar
    $1200 2
Fallopian

Amar
    $1200 4
Hourglass

Triple Stumper
    $1200 15
Library

Amar
    $1200 22
Slap Shot

Chris
    $6,000 19
(Chris: What is How now, brown cow?)
[Laughter]
(Ken: No, that would be an interesting take on Romeo and Juliet.)

Wherefore art thou Romeo

Chris
    $1600 8
(Chris: What is the... 39th?)
(Amar: Uh, what is the 48th?)

the 49th

ChrisAmar
Triple Stumper
    $1600 10
biopsy

Amar
    $1600 5
a gnu

Chris
    $1600 16
Project Hail Mary

Triple Stumper
    $1600 23
Bobby Boucher

Triple Stumper
    $2000 20
(Chris: Why is--what--what is--why have you forsaken me?)
[Originally ruled correct; reversed before Final Jeopardy!]

why hast thou forsaken me

Chris
Triple Stumper
    $2000 9
Maria Theresa

Amar
    $2000 11
anaphylactic

Ellen
    $2000 6
wretched

Chris
    $2000 29
(Ken: Those are some of the wonderful and one-of-a-kind books of [*].)

Percival Everett

Triple Stumper
    $2000 24
Dennis Hopper

Chris

Scores at the end of the Double Jeopardy! Round:

Chris Ellen Amar
$6,800 $2,000 $15,600
(lock game)

[wagering suggestions for these scores]

Final Jeopardy! Round responses

COUNTRIES' LANGUAGES
(Ken: [To Ellen] Hi, poker buddies, is that right?)
(Ellen: I said hi to the poker boys, yeah.)
...
(Ken: [To Amar] Former Portuguese colony until 1975.)
EllenWhat is ____ Hi Poker B
$70
ChrisWhat is Cape Verde?
$2,000
AmarWhat is Angola
$1,000
Angola

Final scores:

Chris Ellen Amar
$4,800 $1,930 $16,600
2nd place: $3,000 3rd place: $2,000 New champion: $16,600

Game dynamics:

Coryat scores:

Chris Ellen Amar
$13,000 $2,000 $12,800
24 R,
5 W
(including 2 DDs)
5 R,
4 W
18 R
(including 1 DD),
2 W

Combined Coryat: $27,800

[game clues] [game scores] [suggest correction]

Game tape date: 2024-04-08
The J! Archive is created by fans, for fans. Scraping, republication, monetization, and malicious use prohibited; this site may use cookies and collect identifying information. See terms. The Jeopardy! game show and all elements thereof, including but not limited to copyright and trademark thereto, are the property of Jeopardy Productions, Inc. and are protected under law. This website is not affiliated with, sponsored by, or operated by Jeopardy Productions, Inc. Join the discussion at JBoard.tv.